000 00480nam a2200181Ia 4500
005 20250326124005.0
008 250326s9999 xx 000 0 und d
037 _aTextbook
040 _aFMSL
_beng
_cFMSL
041 _aeng
_2eng
084 _aX K1
_qFMSL
100 _aRobertson D H
245 0 _aLectures on economic principles
_cRobertson D H
260 _aNew Delhi
_bNew Delhi, Asia
_c1961
300 _a164p
942 _cTB
_hX K1
999 _c1271787
_d1271787